[Event "Gorges op 29th"]
[Site "Gorges"]
[Date "2019.07.06"]
[Round "1"]
[White "Bourdeaux, Gabin"]
[Black "Chaillou, Vincent"]
[Result "1-0"]
[WhiteElo "2050"]
[BlackElo "1647"]
[PlyCount "77"]
[EventDate "2019.07.05"]
[EventType "swiss"]
[EventRounds "5"]
[EventCountry "FRA"]
[SourceTitle "EXT 2020"]
[Source "ChessBase"]
[SourceDate "2019.10.17"]
[SourceVersion "1"]
[SourceVersionDate "2019.10.17"]
[SourceQuality "1"]

1. e4 c5 2. Nf3 d6 3. d4 cxd4 4. Nxd4 Nf6 5. Nc3 e5 6. Ndb5 a6 7. Na3 b5 8. Nd5 Bb7 9. Bg5 Nbd7 10. Bxf6 Nxf6 11. Nxf6+ Qxf6 12. Qd3 Rc8 13. Be2 Be7 14. Bg4 Rc7 15. 0-0 Qf4 16. Bf3 0-0 17. c4 f5 18. cxb5 fxe4 19. Qb3+ d5 20. bxa6 exf3 21. axb7 Qg4 22. Qxd5+ Kh8 23. Qxf3 Qxf3 24. gxf3 Rxb7 25. Nc4 Rxf3 26. Nxe5 Rf5 27. Nc4 Bc5 28. Rae1 g6 29. b3 Rbf7 30. Ne3 Rf3 31. Kg2 h5 32. Rc1 Ba7 33. b4 h4 34. h3 Kg7 35. Ng4 Ra3 36. Rc2 Bb6 37. Ne5 Rc7 38. Rfc1 Raa7 39. Nc4 1-0